000 01406nam a2200337Ia 4500
001 ebr10436153
003 CaPaEBR
006 m u
007 cr cn|||||||||
008 050713r20052004wau fsb 001 0 eng d
020 _z0295985569
020 _z9780295985565
040 _aCaPaEBR
_cCaPaEBR
035 _a(OCoLC)698590892
050 1 4 _aBL65.N35
_bD85 2005eb
082 0 4 _a201.77
_222
100 1 _aDunlap, Thomas R.,
_d1943-
245 1 0 _aFaith in nature
_h[electronic resource] :
_benvironmentalism as religious quest /
_cThomas R. Dunlap ; foreword by William Cronon.
260 _aSeattle, Wash. :
_bUniversity of Washington Press ;
_aChesham :
_bCombined Academic [distributor],
_c2005.
300 _axvii, 206 p.
490 1 _aWeyerhaeuser environmental books
500 _aOriginally published: 2004.
504 _aIncludes bibliographical references and index.
533 _aElectronic reproduction.
_bPalo Alto, Calif. :
_cebrary,
_d2013.
_nAvailable via World Wide Web.
_nAccess may be limited to ebrary affiliated libraries.
650 0 _aNature
_xReligious aspects.
650 0 _aEnvironmentalism
_xReligious aspects.
655 7 _aElectronic books.
_2local
710 2 _aebrary, Inc.
830 0 _aWeyerhaeuser environmental book.
856 4 0 _uhttp://site.ebrary.com/lib/rucke/Doc?id=10436153
_zAn electronic book accessible through the World Wide Web; click to view
999 _c148102
_d148102